La Masia : col·lecció de les planxes i estampes ingressades a la Biblioteca de Catalunya / Joan Barbarà col·lecció de les planxes i estampes ingressades a la Biblioteca de Catalunya / Joan Barbarà
Descripción Física:
15 p. : il ; 23'5 cm
MARC
| LEADER | 00000nam a2200000Ia 4500 | ||
|---|---|---|---|
| 001 | 7612 | ||
| 008 | 160829s9999 xx 000 0 cat d | ||
| 080 | |a FU-6-10 | ||
| 100 | |a Barbarà, Joan |9 20431 | ||
| 245 | |a La Masia : |b col·lecció de les planxes i estampes ingressades a la Biblioteca de Catalunya / Joan Barbarà | ||
| 260 | |a Barcelona : |b Diputació de Barcelona. Biblioteca de Catalunya, dl 1986 | ||
| 300 | |a 15 p. : |b il ; |c 23'5 cm | ||
| 490 | |a Catàlegs i altres publicacions de la secció d'Estampes, Mapes i Gravats ; 3 | ||
| 590 | |a Hi ha un duplicat a: DUP-345 | ||
| 650 | 0 | |a Biblioteca de Catalunya. Secció d'Estampes, Mapes i Gravats |x Catàlegs |9 20432 | |
| 650 | 0 | |a Gravat |x Catàlegs |9 20433 | |
| 650 | |a Mapes |x Catàlegs |9 20434 | ||
| 710 | 1 | |a Biblioteca de Catalunya |9 52741 | |
| 901 | |a Arxiu | ||
| 942 | |n 1 | ||
| 952 | |0 0 |1 0 |4 0 |6 FU610 |7 1 |9 41529 |a Arxiu |b Arxiu |d 2016-12-01 |l 0 |o FU-6-10 |p 7612 |r 2016-12-01 00:00:00 |w 2016-12-01 |y ARXIU | ||
| 999 | |c 43419 |d 43419 | ||